| 000 | 00537cam a2200181ua 4500 | ||
|---|---|---|---|
| 001 | 5891 | ||
| 008 | 131026n ii |||gr||||Z||||||eng | ||
| 020 | _a81-229-0315-0 | ||
| 040 | _cMAIN | ||
| 082 | _a954 | ||
| 100 | 1 |
_aKohli,G.R, _eAuthor. |
|
| 245 | 1 | 1 |
_aHistory of Science, Technology and Environmental Movements in India _cby G.R Kohli |
| 260 |
_aDelhi: _bSurjeet Publications, _c2007. |
||
| 300 | _a341p. | ||
| 653 | _aSouth Asia India | ||
| 653 | _aHistory of Science, Technology and Environmental Movements in India | ||
| 942 | _cBK | ||
| 999 |
_c5045 _d5045 |
||